[Event "AUTO-OPEN-1207"]
[Site "http://www.queenalice.com/game.php?id=438632"]
[Date "2008.7.25"]
[Round "1"]
[White "shawnh"]
[Black "VonBardelen"]
[Result "1-0"]
[WhiteElo "1951"]
[BlackElo "1417"]

1. e4 e5 2. Bc4 Bc5 3. Nc3 Nf6 4. d3 d6 5. f4 Be6 6. Bxe6 fxe6 7. Nf3 Nc6 8. Na4
Bb6 9. Nxb6 axb6 10. fxe5 dxe5 11. O-O O-O 12. Bg5 h6 13. Bxf6 Rxf6 14. c3 Qd6
15. Qd2 Rd8 16. Rad1 Rf7 17. b4 b5 18. Qc2 Rfd7 19. a4 bxa4 20. Qxa4 Qe7 21. b5
Qc5+ 22. Kh1 Ne7 23. d4 Qxc3 24. Qa2 1-0

[Event "AUTO-OPEN-1207"]
[Site "http://www.queenalice.com/game.php?id=438633"]
[Date "2008.7.25"]
[Round "1"]
[White "VonBardelen"]
[Black "shawnh"]
[Result "0-1"]
[WhiteElo "1417"]
[BlackElo "1949"]

1. d4 Nf6 2. c4 g6 3. Nc3 Bg7 4. e4 d6 5. Be2 O-O 6. Nf3 e5 7. Be3 Ng4 8. Bg5 f6
9. Bc1 Nc6 10. h3 exd4 11. Nxd4 Nge5 12. Nc2 f5 13. O-O fxe4 14. Nxe4 Bf5 15.
Bg5 Qd7 16. Ng3 Bxc2 17. Qxc2 Nd4 18. Qd1 Nxe2+ 19. Qxe2 Rae8 20. Qc2 b5 21.
cxb5 Qxb5 22. Qb3+ Qxb3 0-1

[Event "AUTO-OPEN-1207"]
[Site "http://www.queenalice.com/game.php?id=438634"]
[Date "2008.7.25"]
[Round "1"]
[White "shawnh"]
[Black "yanpom"]
[Result "1-0"]
[WhiteElo "1870"]
[BlackElo "1918"]

1. e4 e5 2. Bc4 Nf6 3. d3 h6 4. Nc3 Bc5 5. f4 d6 6. Nf3 Bg4 7. Qe2 Nc6 8. Be3
Bxe3 9. Qxe3 Bxf3 10. Qxf3 Nd4 11. Qd1 O-O 12. O-O a6 13. Ne2 b5 14. Nxd4 bxc4
15. Ne2 cxd3 16. cxd3 Ng4 17. Qd2 Qh4 18. h3 Nf6 19. Rac1 c5 20. fxe5 dxe5 21.
Rxc5 Nd7 22. Rc7 Rfd8 23. Qc3 Qf6 24. Rxf6 1-0

[Event "AUTO-OPEN-1207"]
[Site "http://www.queenalice.com/game.php?id=438635"]
[Date "2008.7.25"]
[Round "1"]
[White "yanpom"]
[Black "shawnh"]
[Result "0-1"]
[WhiteElo "1942"]
[BlackElo "1894"]

1. e4 e5 2. Nf3 Nc6 3. Bc4 Nf6 4. O-O Bc5 5. d3 O-O 6. h3 d5 7. exd5 Nxd5 8.
Bxd5 Qxd5 9. Be3 Be7 10. Nc3 Qd6 11. Re1 Bf5 12. Qe2 a6 13. d4 e4 14. Nd2 Nxd4
15. Bxd4 Qxd4 16. Ndxe4 Bxe4 17. Nxe4 Qxb2 18. Reb1 Qd4 19. c3 Qd5 20. Ng3 Rfe8
21. Qb2 Bf6 22. Rd1 Qc6 23. Rab1 b5 24. Rbc1 Rad8 25. Rxd8 Rxd8 26. Qc2 g6 27.
c4 bxc4 28. Qxc4 Rd1+ 0-1

[Event "AUTO-OPEN-1218"]
[Site "http://www.queenalice.com/game.php?id=443545"]
[Date "2008.8.4"]
[Round "1"]
[White "andres_98"]
[Black "shawnh"]
[Result "0-1"]
[WhiteElo "1345"]
[BlackElo "1947"]

1. e4 d5 2. exd5 Qxd5 3. Qe2 Nf6 4. d3 Bg4 5. Qe3 e5 6. Bd2 Nc6 7. Nc3 Qd7 8.
Nb5 Bb4 9. Bxb4 Nxb4 10. Qxe5+ Kd8 11. Nh3 Re8 12. Qxe8+ Qxe8+ 13. Kd2 Qxb5 14.
c4 Qe5 15. Re1 Qxb2+ 16. Ke3 Nc2+ 17. Kd2 Nxe1+ 18. Kxe1 Qc3# 0-1

[Event "AUTO-OPEN-1218"]
[Site "http://www.queenalice.com/game.php?id=443546"]
[Date "2008.8.4"]
[Round "1"]
[White "shawnh"]
[Black "andres_98"]
[Result "1-0"]
[WhiteElo "1947"]
[BlackElo "1350"]

1. e4 e6 2. d3 Bc5 3. Nf3 Bb6 4. b3 Qe7 5. Bb2 Qc5 6. d4 Qc6 7. Bd3 Nf6 8. c4
Nxe4 9. Ne5 Qd6 10. Bxe4 f6 11. Qh5+ g6 12. Bxg6+ Kd8 13. Nf7+ Ke8 14. Nxd6+ Ke7
15. Nxc8+ Kd8 16. Nxb6 axb6 17. Qh4 Ra6 18. Qxf6+ Kc8 19. Qxh8# 1-0

[Event "AUTO-OPEN-1218"]
[Site "http://www.queenalice.com/game.php?id=443559"]
[Date "2008.8.4"]
[Round "1"]
[White "cardi"]
[Black "shawnh"]
[Result "0-1"]
[WhiteElo "1778"]
[BlackElo "1927"]

1. e4 d5 2. exd5 Qxd5 3. Nc3 Qd6 4. Nf3 g6 5. d4 Bg7 6. Nb5 Qd8 7. Bf4 Na6 8.
Bc4 c6 9. Nc3 Nc7 10. O-O Nf6 11. Re1 O-O 12. Qd2 Be6 0-1

[Event "AUTO-OPEN-1218"]
[Site "http://www.queenalice.com/game.php?id=443560"]
[Date "2008.8.4"]
[Round "1"]
[White "shawnh"]
[Black "cardi"]
[Result "1-0"]
[WhiteElo "1915"]
[BlackElo "1778"]

1. e4 e5 2. f4 exf4 3. Bc4 Qh4+ 4. Kf1 Nc6 5. Nf3 Qg4 6. Nc3 Bc5 7. h3 Qg3 8. d4
Bb6 9. Nd5 Nf6 10. Bxf4 Qg6 11. Bd3 Nb4 12. Nxb4 Nxe4 13. Ne5 Qf5 14. Qf3 g5 15.
Bxe4 Qxf4 16. Qxf4 gxf4 17. c3 1-0

[Event "AUTO-INT-946"]
[Site "http://www.queenalice.com/game.php?id=486873"]
[Date "2008.11.2"]
[Round "2"]
[White "shawnh"]
[Black "nenem"]
[Result "0-1"]
[WhiteElo "1873"]
[BlackElo "1916"]

1. c4 e5 2. g3 Nf6 3. Bg2 Bc5 4. Nc3 c6 5. e3 d5 6. cxd5 Nxd5 7. Nf3 Bg4 8. Qb3
O-O 9. Nxd5 cxd5 10. Nxe5 Be6 11. Qxb7 Nd7 12. Nxd7 Bxd7 13. Bxd5 Rb8 0-1

[Event "AUTO-INT-946"]
[Site "http://www.queenalice.com/game.php?id=486877"]
[Date "2008.11.2"]
[Round "2"]
[White "shawnh"]
[Black "J_Ricardo"]
[Result "0-1"]
[WhiteElo "1953"]
[BlackElo "1500"]

1. c4 e5 2. g3 Nf6 3. Bg2 Bc5 4. Nc3 c6 5. e3 a6 6. Nge2 O-O 7. d4 exd4 8. exd4
Bb4 9. O-O b6 10. a3 Bxc3 11. Nxc3 Ra7 12. Bf4 Bb7 13. c5 bxc5 14. dxc5 Bc8 15.
Bxb8 Rb7 16. Bd6 Re8 17. b4 Re6 18. f4 Ng4 19. Qxg4 Qf6 20. Be5 Qg6 0-1

[Event "AUTO-INT-946"]
[Site "http://www.queenalice.com/game.php?id=486878"]
[Date "2008.11.2"]
[Round "2"]
[White "J_Ricardo"]
[Black "shawnh"]
[Result "1-0"]
[WhiteElo "1530"]
[BlackElo "1923"]

1. e4 g6 2. d3 Bg7 3. Nf3 d6 4. a3 Nf6 5. Bg5 h6 6. Be3 e6 7. Nc3 e5 8. Be2 O-O
9. O-O c5 10. h3 Nc6 11. Bc1 Nd4 12. Nxd4 cxd4 13. Nd5 Nxd5 14. Bd2 1-0

[Event "AUTO-OPEN-1218"]
[Site "http://www.queenalice.com/game.php?id=488196"]
[Date "2008.11.5"]
[Round "2"]
[White "shawnh"]
[Black "TITAN10"]
[Result "0-1"]
[WhiteElo "1838"]
[BlackElo "1731"]

1. c4 e5 2. g3 Nf6 3. Bg2 g6 4. Nf3 Nc6 5. Nc3 Bg7 6. O-O O-O 7. d3 d6 8. Rb1
Be6 9. b4 a6 10. Ng5 Nd7 0-1

[Event "AUTO-OPEN-1218"]
[Site "http://www.queenalice.com/game.php?id=488201"]
[Date "2008.11.5"]
[Round "2"]
[White "shawnh"]
[Black "MisterEd"]
[Result "0-1"]
[WhiteElo "1893"]
[BlackElo "2175"]

1. c4 e5 2. g3 Nf6 3. Bg2 c6 4. d4 Bb4+ 5. Bd2 Bxd2+ 6. Qxd2 d6 7. Nc3 O-O 8. e3
Be6 9. b3 exd4 10. Qxd4 d5 11. cxd5 Bxd5 12. e4 Be6 0-1

[Event "AUTO-OPEN-1218"]
[Site "http://www.queenalice.com/game.php?id=488202"]
[Date "2008.11.5"]
[Round "2"]
[White "MisterEd"]
[Black "shawnh"]
[Result "1-0"]
[WhiteElo "2179"]
[BlackElo "1859"]

1. e4 g6 2. d4 Bg7 3. Nc3 a6 4. Be3 b5 5. Nf3 Bb7 6. Bd3 d6 7. a4 b4 8. Na2 Nf6
9. Nd2 a5 10. c3 c5 11. dxc5 dxc5 12. Bb5+ Nbd7 13. Bxc5 O-O 14. Be3 1-0